• 首页
  • 本馆介绍
  • 公告通知
  • 最新文献
  • 馆藏检索
  • 电子资源
  • 读者导购
  • 参考咨询
  • 我的图书馆
  • 登录
  • 详细信息显示
  • 放入我的书架
  • 预约/预借图书
  • 作者相关作品
  • 分类相关作品
  • 丛书相关作品
  • 出版社相关作品

书目信息

  • 表格格式
  • 工作单格式
  • 卡片格式
题名:
现代美术教育新理念与实践应用研究
    
 
作者: 冯巢 著
分册:  
出版信息: 北京   中国国际广播出版社  2020.4
页数: 202页
开本: 24cm
丛书名:
单 册:
中图分类: J114
科图分类:
主题词: 美术教育--研究
电子资源:
ISBN: 978-7-5078-4624-9
000 00992nam0 2200241 45
001 012001000636
005 20130909113058.0
010    @a978-7-5078-4624-9@dCNY58.00
100    @a20210104d2020 em y0chiy0110 ea
101 0  @achi
102    @aCN@b110000
105    @aa z 000yy
106    @ar
200 1  @a现代美术教育新理念与实践应用研究@Axian dai mei shu jiao yu xin li nian yu shi jian ying yong yan jiu@f冯巢著
210    @a北京@c中国国际广播出版社@d2020.4
215    @a202页@c图@d24cm
300    @a课题资助:“宁夏教师教育研究人文社科重点研究基地”研究成果
330    @a本书共分为六章,从现代美术教育的基本概念出发,探讨现代美术的作用和对人产生的积极意义,研究现代美术教育的发展,并对中西现代美术教育新理念进行探讨,在现代美术教育的发展过程中,身为一名教育者,应该如何发挥自身的专业优势对学生进行教育,并做好相关教学工作。
606 0  @a美术教育@x研究
690    @aJ114@v5
701  0 @a冯巢@Afeng chao@4著
801    @aCN@b江苏凤凰@c20211018
905    @b1340432-5@dJ114@e150@f4
    
    现代美术教育新理念与实践应用研究/冯巢著.-北京:中国国际广播出版社,2020.4
    202页:图;24cm
    课题资助:“宁夏教师教育研究人文社科重点研究基地”研究成果
    
    ISBN 978-7-5078-4624-9:CNY58.00
    本书共分为六章,从现代美术教育的基本概念出发,探讨现代美术的作用和对人产生的积极意义,研究现代美术教育的发展,并对中西现代美术教育新理念进行探讨,在现代美术教育的发展过程中,身为一名教育者,应该如何发挥自身的专业优势对学生进行教育,并做好相关教学工作。
●
相关链接 在E读中查询图书 在五车中查询图书 在当当中查询图书 在豆瓣中查询图书


正题名:现代美术教育新理念与实践应用研究     索取号:J114/150         预约/预借

序号 登录号 条形码 馆藏地/架位号 状态 备注
1 1340432   213404323   第一样本阅览室/ [索取号:J114/150] 在馆    
2 1340433   213404332   第一借阅区/ [索取号:J114/150] 在馆    
3 1340434   213404341   第一借阅区/ [索取号:J114/150] 在馆    
4 1340435   213404350   第一借阅区/ [索取号:J114/150] 在馆    
唐山师范学院图书馆 欢迎您!
大连网信软件有限公司© 版权所有